Исследование содержания токсичных элементов-примесей в углях и золах Азейского месторождения; Проблемы геологии и освоения недр; Т. 1

Bibliographische Detailangaben
Parent link:Проблемы геологии и освоения недр: труды XXII Международного симпозиума имени академика М. А. Усова студентов и молодых ученых, посвященного 155-летию со дня рождения академика В.А. Обручева, 135-летию со дня рождения академика М.А. Усова, основателей Сибирской горно-геологической школы, и 110-летию первого выпуска горных инженеров в Сибири, Томск, 2-7 апреля 2018 г./ Национальный исследовательский Томский политехнический университет, Инженерная школа природных ресурсов ; под ред. А. С. Боева.— , 2018
Т. 1.— 2018.— [С. 760-762]
1. Verfasser: Вымятнин Е. К.
Körperschaften: Национальный исследовательский Томский политехнический университет Инженерная школа природных ресурсов Отделение геологии, Национальный исследовательский Томский политехнический университет Инженерная школа природных ресурсов Отделение химической инженерии
Weitere Verfasser: Ильенок С. С. Сергей Сергеевич (научный руководитель), Маслов С. Г. Станислав Григорьевич
Zusammenfassung:Заглавие с экрана
Sprache:Russisch
Veröffentlicht: 2018
Schriftenreihe:Геоэкология, охрана и защита окружающей среды. Геоинформационные системы в геоэкологии
Schlagworte:
Online-Zugang:http://earchive.tpu.ru/handle/11683/50542
Format: Elektronisch Buchkapitel
KOHA link:https://koha.lib.tpu.ru/cgi-bin/koha/opac-detail.pl?biblionumber=627859

MARC

LEADER 00000naa2a2200000 4500
001 627859
005 20240131174648.0
035 |a (RuTPU)RU\TPU\conf\27879 
035 |a RU\TPU\conf\27878 
090 |a 627859 
100 |a 20180928d2018 k y0rusy50 ca 
101 0 |a rus 
102 |a RU 
105 |a y z 100zy 
135 |a drgn ---uucaa 
181 0 |a i  
182 0 |a b 
200 1 |a Исследование содержания токсичных элементов-примесей в углях и золах Азейского месторождения  |f Е. К. Вымятнин, С. С. Ильенок  |g науч. рук. С. Г. Маслов 
203 |a Текст  |c электронный 
225 1 |a Геоэкология, охрана и защита окружающей среды. Геоинформационные системы в геоэкологии 
300 |a Заглавие с экрана 
320 |a [Библиогр.: с. 761-762 (5 назв.)] 
461 1 |0 (RuTPU)RU\TPU\conf\27247  |t Проблемы геологии и освоения недр  |o труды XXII Международного симпозиума имени академика М. А. Усова студентов и молодых ученых, посвященного 155-летию со дня рождения академика В.А. Обручева, 135-летию со дня рождения академика М.А. Усова, основателей Сибирской горно-геологической школы, и 110-летию первого выпуска горных инженеров в Сибири, Томск, 2-7 апреля 2018 г.  |o в 2 т.  |f Национальный исследовательский Томский политехнический университет, Инженерная школа природных ресурсов ; под ред. А. С. Боева  |d 2018 
463 1 |0 (RuTPU)RU\TPU\conf\27248  |t Т. 1  |v [С. 760-762]  |d 2018 
610 1 |a труды учёных ТПУ 
610 1 |a электронный ресурс 
610 1 |a содержание 
610 1 |a токсичные элементы 
610 1 |a элементы-примеси 
610 1 |a угли 
610 1 |a золы 
610 1 |a Азейское месторождение 
610 1 |a окружающая среда 
700 1 |a Вымятнин  |b Е. К. 
701 1 |a Ильенок  |b С. С.  |c геохимик  |c ассистент Томского политехнического института  |f 1986-  |g Сергей Сергеевич  |3 (RuTPU)RU\TPU\pers\28744  |9 13534 
702 1 |a Маслов  |b С. Г.  |c химик-технолог  |c доцент Томского политехнического университета, кандидат технических наук  |f 1939-  |g Станислав Григорьевич  |4 727 
712 0 2 |a Национальный исследовательский Томский политехнический университет  |b Инженерная школа природных ресурсов  |b Отделение геологии  |3 (RuTPU)RU\TPU\col\23542 
712 0 2 |a Национальный исследовательский Томский политехнический университет  |b Инженерная школа природных ресурсов  |b Отделение химической инженерии  |3 (RuTPU)RU\TPU\col\23513 
801 2 |a RU  |b 63413507  |c 20181003  |g RCR 
856 4 |u http://earchive.tpu.ru/handle/11683/50542 
942 |c BK